<?xml version="1.0" encoding="UTF-8"?><?xml-stylesheet type="text/xsl" href="static/style.xsl"?><OAI-PMH xmlns="http://www.openarchives.org/OAI/2.0/" xmlns:xsi="http://www.w3.org/2001/XMLSchema-instance" xsi:schemaLocation="http://www.openarchives.org/OAI/2.0/ http://www.openarchives.org/OAI/2.0/OAI-PMH.xsd"><responseDate>2026-04-17T20:28:49Z</responseDate><request verb="GetRecord" identifier="oai:www.recercat.cat:2117/445798" metadataPrefix="marc">https://recercat.cat/oai/request</request><GetRecord><record><header><identifier>oai:recercat.cat:2117/445798</identifier><datestamp>2025-11-08T09:07:37Z</datestamp><setSpec>com_2072_1033</setSpec><setSpec>col_2072_452951</setSpec></header><metadata><record xmlns="http://www.loc.gov/MARC21/slim" xmlns:dcterms="http://purl.org/dc/terms/" xmlns:xsi="http://www.w3.org/2001/XMLSchema-instance" xmlns:doc="http://www.lyncode.com/xoai" xsi:schemaLocation="http://www.loc.gov/MARC21/slim http://www.loc.gov/standards/marcxml/schema/MARC21slim.xsd">
   <leader>00925njm 22002777a 4500</leader>
   <datafield ind2=" " ind1=" " tag="042">
      <subfield code="a">dc</subfield>
   </datafield>
   <datafield ind2=" " ind1=" " tag="720">
      <subfield code="a">Inserte Gil, David</subfield>
      <subfield code="e">author</subfield>
   </datafield>
   <datafield ind2=" " ind1=" " tag="260">
      <subfield code="c">2025-05-29</subfield>
   </datafield>
   <datafield ind2=" " ind1=" " tag="520">
      <subfield code="a">Aquest Treball de Fi de Grau té com a objectiu principal el disseny d'un prototip de kart en 3D amb un
motor de motocicleta de trial de 2 temps i 300cc. En aquest projecte s'estableix com a prioritat
aprofitar al màxim la potència lliurada pel motor i fer-ho tan eficient com sigui possible.
Aquest projecte cerca desenvolupar un disseny optimitzat que permeti l'adaptació d'un motor de
moto a un xassís de kart, considerant aspectes estructurals, mecànics i funcionals. A través d'aquest
procés, s'analitzaran els reptes tècnics principals que suposa aquesta conversió i s'aplicaran solucions
d'enginyeria per aconseguir un disseny eficient, resistent i funcional.</subfield>
   </datafield>
   <datafield ind2=" " ind1=" " tag="520">
      <subfield code="a">El presente Trabajo de Fin de Grado tiene como objetivo principal el diseño de un prototipo de kart en
3D con un motor de motocicleta de trial de 2 tiempos y 300cc. En este proyecto se establece como
prioridad aprovechar al máximo la potencia entregada por el motor y hacerlo lo más eficiente posible.
Este proyecto busca desarrollar un diseño optimizado que permita la adaptación de un motor de moto
en un chasis de kart, considerando aspectos estructurales, mecánicos y funcionales. A través de este
proceso, se analizarán los principales retos técnicos que supone esta conversión y se aplicarán
soluciones de ingeniería para lograr un diseño eficiente, resistente y funcional.</subfield>
   </datafield>
   <datafield ind2=" " ind1=" " tag="520">
      <subfield code="a">The main purpose of this Final Degree Project is the design of a 3D kart prototype with a 2-stroke
300cc trial motorbike engine. In this project, the priority is to make the most of the power delivered
by the engine and to make it as efficient as possible.
This project seeks to develop an optimised design that allows the adaptation of a motorbike engine in
a kart chassis, considering structural, mechanical and functional aspects. Through this process, the
main technical challenges involved in this conversion will be analysed and engineering solutions will
be applied to achieve an efficient, resistant and functional design.</subfield>
   </datafield>
   <datafield ind1="8" ind2=" " tag="024">
      <subfield code="a">http://hdl.handle.net/2117/445798</subfield>
   </datafield>
   <datafield tag="653" ind2=" " ind1=" ">
      <subfield code="a">Àrees temàtiques de la UPC::Enginyeria mecànica::Disseny i construcció de vehicles::Automòbils</subfield>
   </datafield>
   <datafield tag="653" ind2=" " ind1=" ">
      <subfield code="a">Karting</subfield>
   </datafield>
   <datafield tag="653" ind2=" " ind1=" ">
      <subfield code="a">Motor vehicles -- Design and construction</subfield>
   </datafield>
   <datafield tag="653" ind2=" " ind1=" ">
      <subfield code="a">Diseño de un Kart con motor de motocileta</subfield>
   </datafield>
   <datafield tag="653" ind2=" " ind1=" ">
      <subfield code="a">Kàrting</subfield>
   </datafield>
   <datafield tag="653" ind2=" " ind1=" ">
      <subfield code="a">Vehicles de motor -- Disseny i construcció</subfield>
   </datafield>
   <datafield ind2="0" ind1="0" tag="245">
      <subfield code="a">Diseño de un Kart con motor de motocicleta</subfield>
   </datafield>
</record></metadata></record></GetRecord></OAI-PMH>